00597nam a22001697a 450000500170000001000150001702000260003203500140005803700130007208200130008510000290009824501150012726000380024227000620028030000400034250000450038220180710160419.0 aENG-123431 a9788178245287c695.00 aEN-106963 bDBAD/PUB a954.0019 aNovertzke, Christian Lee aHistory, bhakti,and public memeory :cby Christian Lee Novertzkebnamdev in religious and secular traditions / aRanikhet bPermanent Black c2018 aHimalayana, Mall Road, Ranikhet Cantt. bRanikhete263645v axvii,309p. :c22cm(pbk)bill.(maps) aIncludes glossaryl references and index